Thể dục 6 Sách giáo viên

Đã lưu trong:
Sonraí Bibleagrafaíochta
Príomhúdar: Trần, Đồng Lâm
Údair Eile: Vũ, Ngọc Hải
Formáid: Leabhar
Teanga:Undetermined
Foilsithe: H. Giáo dục 2006
Ábhair:
Rochtain Ar Líne:http://lrc.tdmu.edu.vn/opac/search/detail.asp?aID=2&ID=4743
Clibeanna: Cuir Clib Leis
Gan Chlibeanna, Bí ar an gcéad duine leis an taifead seo a chlibeáil!
Thư viện lưu trữ: Trung tâm Học liệu Trường Đại học Thủ Dầu Một
LEADER 00710nam a2200217Ia 4500
001 TDMU_4743
008 210410s9999 xx 000 0 und d
082 |a 790.72 
090 |b TR105 
100 |a Trần, Đồng Lâm 
245 0 |a Thể dục 6 
245 0 |b Sách giáo viên 
245 0 |c Trần Đồng Lâm 
260 |a H. 
260 |b Giáo dục 
260 |c 2006 
300 |a 106tr 
650 |a Giáo dục thể chất  |x Dạy và học; Sách lớp 6  |v Giáo viên; Sách giáo viên 
700 |a Vũ, Ngọc Hải 
856 |u http://lrc.tdmu.edu.vn/opac/search/detail.asp?aID=2&ID=4743 
980 |a Trung tâm Học liệu Trường Đại học Thủ Dầu Một